| 000 | 00514nam a2200181Ia 4500 | ||
|---|---|---|---|
| 003 | OSt | ||
| 005 | 20240404101302.0 | ||
| 008 | 210210b1941 xxu||||| |||| 00| 0 eng d | ||
| 040 | _cAL | ||
| 041 | _aKannada | ||
| 082 | _a852/294 | ||
| 100 |
_aMULIYA TIMMAPPAYYA ಮುಳಿಯ ತಿಮ್ಮಪ್ಪಯ್ಯ _9136714 |
||
| 245 |
_aSamasta Bharata Sara _bಸಮಸ್ತ ಭಾರತ ಸಾರ |
||
| 260 |
_aBengaluru _b- _c1941 |
||
| 690 |
_aKannada Prose _9136718 |
||
| 906 | _a018862 | ||
| 942 |
_2ddc _cBK |
||
| 999 |
_c142590 _d142590 |
||